О влиянии некоторых технологических факторов на образование дурнопахнущих соединений во время сульфатной варки целлюлозы; Химия и технология древесины, целлюлозы и бумаги; Вып. 2. Раздел 3: Химия и технология бумаги

מידע ביבליוגרפי
Parent link:Химия и технология древесины, целлюлозы и бумаги: сборник межвузовских научных трудов.— , 1973-1978
Вып. 2. Раздел 3: Химия и технология бумаги.— 1974.— С. 127-133
מחבר ראשי: Зуйков А. А.
מחברים אחרים: Максимов В. Ф., Яковлева О. И.
שפה:רוסית
יצא לאור: 1974
פורמט: Book Chapter
KOHA link:https://koha.lib.tpu.ru/cgi-bin/koha/opac-detail.pl?biblionumber=210724

MARC

LEADER 00000naa2a2200000 4500
001 210724
005 20231031192158.0
035 |a (RuTPU)RU\TPU\book\230150 
035 |a RU\TPU\book\230149 
090 |a 210724 
100 |a 20120301d1974 k y0rusy50 ca 
101 0 |a rus 
102 |a RU 
200 1 |a О влиянии некоторых технологических факторов на образование дурнопахнущих соединений во время сульфатной варки целлюлозы  |f А. А. Зуйков, В. Ф. Максимов, О. И. Яковлева 
320 |a Библиогр.: с. 133 (7 назв.) 
461 0 |0 (RuTPU)RU\TPU\book\230026  |t Химия и технология древесины, целлюлозы и бумаги  |o сборник межвузовских научных трудов  |d 1973-1978 
463 0 |0 (RuTPU)RU\TPU\book\230053  |t Вып. 2. Раздел 3: Химия и технология бумаги  |f Ленинградский технологический институт целлюлозно-бумажной промышленности (ЛТИ ЦБП) ; отв. ред. Ю. Н. Непенин  |v С. 127-133  |d 1974  |p 153 с. 
700 1 |a Зуйков  |b А. А. 
701 1 |a Максимов  |b В. Ф. 
701 1 |a Яковлева  |b О. И. 
801 1 |a RU  |b 63413507  |c 20120301 
801 2 |a RU  |b 63413507  |c 20120301  |g RCR 
942 |c BK